00381nam a2200169Ia 4500008004100000020001400041245002400055245001600079260001500095260001600110260000900126300001400135300002500149300001000174500000800184999001900192170705s9999 xx 000 0 und d a439384095 aD.W. rides again! / cMarc Brown. aNew York : bScholastic, c1993 aunpaged : bcolor illustration ; c20cm. a310 c335531d335531